[Event "Hastings Masters 2022/23"]
[Site "Hastings"]
[Date "2023.01.01"]
[Round "5.35"]
[White "Southcott-Moyers, Indy"]
[Black "Salmons, Calum"]
[Result "1/2-1/2"]
[WhiteElo "1870"]
[BlackElo "1989"]
[PlyCount "127"]
[EventDate "2022.12.28"]
[EventType "swiss"]
[EventRounds "10"]
[EventCountry "ENG"]

1. d4 d5 2. c4 c6 3. Nf3 Nf6 4. Qc2 g6 5. Bf4 Bg7 6. e3 O-O 7. Nc3 c5 8. dxc5
Qa5 9. Nd2 Qxc5 10. Nb3 Qc6 11. c5 Bf5 12. Qd2 Ne4 13. Nxe4 Bxe4 14. f3 Bf5 15.
g4 Bd7 16. Rd1 Qf6 17. Be2 Bc6 18. Rb1 e5 19. Bg3 Nd7 20. O-O Qe7 21. Rbc1 f5
22. gxf5 Rxf5 23. f4 Raf8 24. Bd3 e4 25. Be2 g5 26. Bg4 R5f7 27. Bh5 Rf6 28.
Nd4 Rh6 29. Bd1 gxf4 30. exf4 Nxc5 31. Nxc6 Rxc6 32. Qxd5+ Kh8 33. b4 Rd6 34.
Qh5 Nd3 35. Rc4 Rd4 36. Rxd4 Bxd4+ 37. Kh1 Nxb4 38. Qe2 e3 39. Qf3 Re8 40. Be2
Qe4 41. Qxe4 Rxe4 42. Rb1 Nxa2 43. Rxb7 Nc1 44. Bf3 Re8 45. Rd7 Bc3 46. Rxa7 e2
47. Ra8 Rxa8 48. Bxa8 Nd3 49. Kg2 e1=Q 50. Bxe1 Nxe1+ 51. Kg3 Kg7 52. Be4 h6
53. Kg4 Bd2 54. Kg3 Kf6 55. Kf2 Ke6 56. Ke2 Bb4 57. Kf2 Kd6 58. Ke2 Kc5 59. Kf2
Kd4 60. Bg6 Bc3 61. h3 Bd2 62. Bb1 Nd3+ 63. Bxd3 Kxd3 64. f5 1/2-1/2

[Event "Hastings Masters 2022/23"]
[Site "Hastings"]
[Date "2023.01.01"]
[Round "5.36"]
[White "Dette, Jan"]
[Black "Jakhria, Kushal"]
[Result "1-0"]
[WhiteElo "2037"]
[BlackElo "1726"]
[PlyCount "141"]
[EventDate "2022.12.28"]
[EventType "swiss"]
[EventRounds "10"]
[EventCountry "ENG"]

1. e4 c5 2. c3 Nf6 3. e5 Nd5 4. d4 cxd4 5. Nf3 Nc6 6. cxd4 d6 7. Bc4 Nb6 8. Bb5
dxe5 9. Nxe5 Bd7 10. Bxc6 Bxc6 11. Nxc6 bxc6 12. Nc3 g6 13. O-O Bg7 14. Be3 O-O
15. Rc1 Qd7 16. b3 Rfd8 17. Ne2 Nd5 18. Qc2 Rac8 19. Bd2 Qd6 20. Ba5 Rd7 21.
Rfd1 e5 22. dxe5 Qxe5 23. Be1 c5 24. Ng3 Re7 25. Bd2 h6 26. Qc4 Nb6 27. Qh4 g5
28. Qg4 Rd8 29. Re1 Qf6 30. Be3 Rd5 31. h3 Nd7 32. Red1 Ree5 33. Ne4 Qe7 34.
Rxd5 Rxd5 35. Nc3 Bxc3 36. Rxc3 Qd6 37. Rc1 Kg7 38. Qc4 f6 39. Qa4 a6 40. Qa3
h5 41. g3 g4 42. Bf4 Qc6 43. h4 Rd3 44. Re1 Kf7 45. Qa5 Qb6 46. Qxb6 Nxb6 47.
Rc1 Rd5 48. Kf1 Ke6 49. Ke2 Kd7 50. Be3 Kd6 51. b4 Nd7 52. Rc4 Kc6 53. a4 f5
54. Bxc5 Nxc5 55. Ke3 Re5+ 56. Kd2 Kd6 57. bxc5+ Rxc5 58. Rb4 Rd5+ 59. Ke3 Kc7
60. Kf4 Rd2 61. Kxf5 Rd5+ 62. Kg6 Kd7 63. Rf4 Ra5 64. f3 gxf3 65. Rxf3 Rxa4 66.
Kxh5 Ke7 67. g4 a5 68. g5 Rb4 69. g6 Rb8 70. g7 Rg8 71. Kg6 1-0

[Event "Hastings Masters 2022/23"]
[Site "Hastings"]
[Date "2023.01.01"]
[Round "5.37"]
[White "Coote, Trevor D"]
[Black "Flynn, David"]
[Result "0-1"]
[WhiteElo "2047"]
[BlackElo "1872"]
[PlyCount "182"]
[EventDate "2022.12.28"]
[EventType "swiss"]
[EventRounds "10"]
[EventCountry "ENG"]

1. d4 Nf6 2. Nc3 d5 3. e4 dxe4 4. f3 exf3 5. Nxf3 Bf5 6. Bc4 e6 7. O-O Nbd7 8.
d5 Bc5+ 9. Kh1 O-O 10. dxe6 Bxe6 11. Bxe6 fxe6 12. Qe2 Qe7 13. Bg5 Rae8 14.
Rae1 Qd6 15. Qc4 Nb6 16. Qh4 Nbd5 17. Nb5 Qb6 18. c4 Ne3 19. Bxe3 Bxe3 20. Nxc7
Re7 21. Nb5 Bc5 22. b3 a6 23. Nbd4 Rd8 24. Ne2 Bb4 25. Rd1 Red7 26. Rxd7 Rxd7
27. Qf4 Qd6 28. Qxd6 Rxd6 29. Ned4 h6 30. Nc2 Bc3 31. Ne3 Kf7 32. Rc1 Bb2 33.
Rd1 Rxd1+ 34. Nxd1 Ba3 35. Ne5+ Ke7 36. Nf2 Kd6 37. Nf7+ Ke7 38. Ne5 Bb2 39.
Nfd3 Bd4 40. Nf3 Be3 41. g3 Ne4 42. Kg2 Nc3 43. a4 Ne4 44. Kf1 Nc3 45. Nfe5 Bd4
46. Nf3 Ba7 47. Ke1 Ne4 48. Ke2 Nc5 49. Nxc5 Bxc5 50. Kd3 Kd6 51. Ke4 Ba3 52.
Ne5 Ke7 53. Nd3 a5 54. Ke5 Bd6+ 55. Ke4 Kf6 56. c5 Bb8 57. b4 axb4 58. Nxb4 Ke7
59. c6 b6 60. Kd4 Kd6 61. g4 Bc7 62. h3 Bd8 63. Kc4 e5 64. Kb5 e4 65. Kc4 e3
66. Kd3 Bg5 67. h4 Bxh4 68. Kxe3 Bd8 69. Kd4 g6 70. Ke4 Kc5 71. Nd3+ Kxc6 72.
Ne5+ Kc5 73. Nxg6 Kb4 74. Ne5 Kxa4 75. Nc6 Bg5 76. Kd5 Kb3 77. Nd4+ Kc3 78.
Nb5+ Kd3 79. Na3 Be7 80. Nb5 Bh4 81. Na3 Bg3 82. Kc6 Bf2 83. Kd5 Bg3 84. Kc6
Ke4 85. Kxb6 Kf4 86. Kc5 Kxg4 87. Nc4 h5 88. Ne3+ Kf4 89. Nd5+ Kf3 90. Nf6 h4
91. Nh7 Bf4 0-1

[Event "Hastings Masters 2022/23"]
[Site "Hastings"]
[Date "2023.01.01"]
[Round "5.38"]
[White "Howell, Oliver W"]
[Black "Nissinen, Niilo Man"]
[Result "1/2-1/2"]
[WhiteElo "1804"]
[BlackElo "1996"]
[PlyCount "121"]
[EventDate "2022.12.28"]
[EventType "swiss"]
[EventRounds "10"]
[EventCountry "ENG"]

1. Nf3 Nf6 2. g3 c5 3. c4 Nc6 4. Bg2 d5 5. cxd5 Nxd5 6. O-O e5 7. Nc3 Nc7 8. d3
Be7 9. Be3 Rb8 10. Nd2 Nd4 11. Nc4 f6 12. a4 O-O 13. Bxd4 cxd4 14. Nb5 a6 15.
Nxc7 Qxc7 16. Qb3 Be6 17. Qb6 Qxb6 18. Nxb6 Bc5 19. a5 Bxb6 20. axb6 Rfd8 21.
Ra4 Rdc8 22. Rb1 Rc2 23. Kf1 Bg4 24. f3 Be6 25. b4 Rc6 26. f4 Rxb6 27. fxe5
fxe5 28. Ra5 Rf8+ 29. Kg1 Rf5 30. Be4 Rg5 31. Kg2 Bg4 32. h4 Rh5 33. Rf1 Be6
34. Rb1 Bd7 35. Rf1 Bc6 36. Bd5+ Bxd5+ 37. Rxd5 Rf6 38. Rxf6 gxf6 39. Rd8+ Kf7
40. Rd7+ Ke8 41. Rxb7 e4 42. Rb6 exd3 43. exd3 Re5 44. Rd6 Ke7 45. Rxd4 a5 46.
bxa5 Rxa5 47. Kf3 Ra1 48. Re4+ Kf7 49. d4 Ra3+ 50. Re3 Ra5 51. Rc3 Ra4 52. Ke4
Ra5 53. d5 Ra1 54. Rc7+ Kg6 55. d6 Rd1 56. d7 h5 57. Kf4 Rd4+ 58. Ke3 Rd6 59.
Ke4 Rd1 60. Kf4 Rd4+ 61. Ke3 1/2-1/2

[Event "Hastings Masters 2022/23"]
[Site "Hastings"]
[Date "2023.01.01"]
[Round "5.39"]
[White "Jerome, Stellio"]
[Black "Kumar, Sanjit S"]
[Result "1-0"]
[WhiteElo "1501"]
[BlackElo "1965"]
[PlyCount "89"]
[EventDate "2022.12.28"]
[EventType "swiss"]
[EventRounds "10"]
[EventCountry "ENG"]

1. g4 d5 2. h3 c5 3. Bg2 Nc6 4. c4 e6 5. cxd5 exd5 6. Nf3 Bd6 7. Nc3 Nge7 8. d4
Be6 9. Bg5 f6 10. Be3 b6 11. Rc1 a6 12. O-O O-O 13. dxc5 bxc5 14. Na4 c4 15.
Bb6 Bc7 16. Bc5 Rb8 17. Nd4 Nxd4 18. Bxd4 Ng6 19. e3 Ne5 20. Nc5 Bf7 21. Nxa6
Nd3 22. Rc2 Ra8 23. Nxc7 Qxc7 24. Qxd3 Bg6 25. Bxd5+ Kh8 26. Qxc4 Qxc4 27. Rxc4
Bd3 28. Rfc1 Bxc4 29. Bxc4 Rfc8 30. Rc3 Rab8 31. Bb3 Rd8 32. Kg2 h6 33. f4 Kh7
34. h4 Kh8 35. g5 hxg5 36. hxg5 Rd6 37. gxf6 gxf6 38. Rc7 Rf8 39. Kf3 Ra6 40.
e4 Rb8 41. Bd5 Re8 42. e5 Rxa2 43. e6 Ra3+ 44. bxa3 Rxe6 45. Rc8+ 1-0

[Event "Hastings Masters 2022/23"]
[Site "Hastings"]
[Date "2023.01.01"]
[Round "5.40"]
[White "Li, Ethan"]
[Black "Kelly, Paul J"]
[Result "1-0"]
[WhiteElo "1889"]
[BlackElo "1842"]
[PlyCount "38"]
[EventDate "2022.12.28"]
[EventType "swiss"]
[EventRounds "10"]
[EventCountry "ENG"]

1. e4 e5 2. Nf3 Nc6 3. Bb5 g6 4. O-O Bg7 5. c3 Nge7 6. h3 a6 7. Ba4 d6 8. Re1
Bd7 9. d3 O-O 10. Nbd2 h6 11. Nf1 Kh7 12. d4 Ng8 13. Ng3 Qe8 14. Bc2 f6 15. b4
Qc8 16. Bb2 b6 17. a4 a5 18. Qd2 h5 19. b5 Nd8 1-0

[Event "Hastings Masters 2022/23"]
[Site "Hastings"]
[Date "2023.01.01"]
[Round "5.41"]
[White "Byrn, Carsten"]
[Black "Banerjee, Supratit"]
[Result "0-1"]
[WhiteElo "1875"]
[BlackElo "1541"]
[PlyCount "122"]
[EventDate "2022.12.28"]
[EventType "swiss"]
[EventRounds "10"]
[EventCountry "ENG"]

1. d4 Nf6 2. c4 e6 3. Nc3 d5 4. Nf3 b6 5. Bf4 Bb7 6. e3 a6 7. h3 Nbd7 8. a3 Be7
9. Rc1 Rc8 10. cxd5 exd5 11. Ne5 O-O 12. Bd3 c5 13. g4 Ne4 14. O-O Nxe5 15.
Bxe5 Bf6 16. Bxf6 Qxf6 17. Kg2 cxd4 18. exd4 Kh8 19. f3 Ng5 20. Bf5 Ne6 21.
Bxe6 fxe6 22. Qd3 h6 23. Rce1 Rf7 24. Re5 Rcf8 25. Qe3 Bc8 26. Ne2 Bd7 27. Ng3
Qf4 28. Nh5 Qxe3 29. Rxe3 g6 30. Ng3 Rc8 31. Rc3 Rxc3 32. bxc3 Kg7 33. Re1 Bc8
34. Ne2 Rc7 35. Rb1 b5 36. Rb3 Bd7 37. Kf2 Kf6 38. f4 a5 39. Ke3 g5 40. Kd2 Rc4
41. Rb1 Ra4 42. Rb3 Rc4 43. fxg5+ Kxg5 44. Ke3 Kh4 45. Kf3 Kxh3 46. Rb1 Kh4 47.
Kf4 e5+ 48. Kxe5 Bxg4 49. Nf4 Rxc3 50. Rxb5 Kg3 51. Nxd5 Rxa3 52. Nf6 Re3+ 53.
Kd5 a4 54. Kc5 a3 55. Ra5 h5 56. Kb4 h4 57. Rg5 a2 58. Nxg4 a1=Q 59. Nxe3+ Kf4
60. Rg4+ Kxe3 61. Rxh4 Qe1+ 0-1

[Event "Hastings Masters 2022/23"]
[Site "Hastings"]
[Date "2023.01.01"]
[Round "5.42"]
[White "Shepley, Julien M"]
[Black "Bryant, Harry"]
[Result "1/2-1/2"]
[WhiteElo "1848"]
[BlackElo "1510"]
[PlyCount "68"]
[EventDate "2022.12.28"]
[EventType "swiss"]
[EventRounds "10"]
[EventCountry "ENG"]

1. e4 c5 2. Nc3 e6 3. Nf3 Nc6 4. Bb5 Nd4 5. O-O a6 6. Bd3 Nc6 7. Re1 g5 8. g3
h5 9. Bf1 g4 10. Nh4 Be7 11. Nd5 Bxh4 12. gxh4 Nce7 13. Nxe7 Qxe7 14. d4 cxd4
15. Qxd4 e5 16. Qc3 d6 17. Bg5 f6 18. Be3 Be6 19. Rad1 Rc8 20. Qb4 d5 21. Qxe7+
Nxe7 22. exd5 Bxd5 23. Rd2 Be6 24. Bg2 Nc6 25. b3 Kf7 26. Red1 Rhd8 27. c4 Rxd2
28. Rxd2 Rd8 29. Rxd8 Nxd8 30. Bb6 Nc6 31. Bxc6 bxc6 32. Kf1 Bf5 33. Ke2 Bb1
34. Kd2 Ke6 1/2-1/2

[Event "Hastings Masters 2022/23"]
[Site "Hastings"]
[Date "2023.01.01"]
[Round "5.43"]
[White "Butt, Laurence"]
[Black "Faulks, Nick"]
[Result "0-1"]
[WhiteElo "1740"]
[BlackElo "1802"]
[PlyCount "107"]
[EventDate "2022.12.28"]
[EventType "swiss"]
[EventRounds "10"]
[EventCountry "ENG"]

1. d4 Nf6 2. Bg5 c5 3. d5 Qb6 4. Nc3 Qxb2 5. Bd2 Qb6 6. e4 d6 7. Nf3 Bg4 8. Be2
Nbd7 9. Rb1 Qc7 10. h3 Bxf3 11. gxf3 g6 12. Qc1 Bg7 13. Bh6 O-O 14. Bxg7 Kxg7
15. h4 h5 16. Qd2 a6 17. Rg1 b5 18. Nd1 Kh7 19. Ne3 Rg8 20. Rg5 c4 21. c3 Nc5
22. Rg2 Nfd7 23. Kf1 Qc8 24. Qd4 Qf8 25. Qd2 Qh6 26. Ke1 Qf4 27. Kd1 Ne5 28.
Nf1 Qxd2+ 29. Kxd2 Ned3 30. Ke3 Rgb8 31. Nd2 Rc8 32. f4 Na4 33. Rbg1 Nxc3 34.
Bxd3 cxd3 35. Kxd3 Nxa2 36. e5 dxe5 37. fxe5 Nc1+ 38. Ke4 Ne2 39. Re1 Nc3+ 40.
Kd4 b4 41. Nc4 Nb5+ 42. Kd3 Rd8 43. Ke4 Nc3+ 44. Ke3 Nxd5+ 45. Kf3 Rac8 46. Re4
Kg7 47. Rg1 Nc3 48. Rf4 Rd3+ 49. Kg2 Ne2 50. Re4 Nxg1 51. Kxg1 Rb8 52. e6 f6
53. Re2 Rc3 54. Kg2 0-1

[Event "Hastings Masters 2022/23"]
[Site "Hastings"]
[Date "2023.01.01"]
[Round "5.44"]
[White "Westcott, Dale"]
[Black "Gamal, Alaa"]
[Result "1-0"]
[WhiteElo "1610"]
[BlackElo "1713"]
[PlyCount "83"]
[EventDate "2022.12.28"]
[EventType "swiss"]
[EventRounds "10"]
[EventCountry "ENG"]

1. d4 d5 2. Nc3 Nf6 3. Bf4 a6 4. e3 Bf5 5. Nf3 h6 6. Bd3 Ne4 7. Nd2 Nxc3 8.
bxc3 Bc8 9. Qf3 c5 10. O-O c4 11. Be2 e6 12. e4 Nc6 13. Rfe1 Be7 14. Qg3 g5 15.
Bc7 Qd7 16. Bh5 O-O 17. Bb6 f5 18. e5 Kh7 19. h4 Rg8 20. Bf7 Rg7 21. Bh5 gxh4
22. Qh3 Nd8 23. Nf3 Nc6 24. Nxh4 Rg5 25. Nf3 Rg7 26. Kf1 Ba3 27. Ke2 Bb2 28.
Rab1 Bxc3 29. Rh1 Bb4 30. Bf7 Rg6 31. Bxg6+ Kg8 32. Qxh6 Qg7 33. Be8 Be7 34.
Qxg7+ Kxg7 35. Rh3 Bd8 36. Bxd8 Nxd8 37. Rbh1 Nf7 38. Rh7+ Kf8 39. Bxf7 Ke7 40.
Ng5 Kd8 41. Bxe6 Rb8 42. Bxc8 1-0

[Event "Hastings Masters 2022/23"]
[Site "Hastings"]
[Date "2023.01.02"]
[Round "6.1"]
[White "Clarke, Brandon G I"]
[Black "Sulskis, Sarunas"]
[Result "0-1"]
[WhiteElo "2484"]
[BlackElo "2492"]
[PlyCount "124"]
[EventDate "2022.12.28"]
[EventType "swiss"]
[EventRounds "10"]
[EventCountry "ENG"]

1. e4 e5 2. Nf3 Nc6 3. Bb5 a6 4. Ba4 Nf6 5. O-O Nxe4 6. d4 b5 7. Bb3 d5 8. dxe5
Be6 9. Nbd2 Nc5 10. c3 d4 11. Bxe6 fxe6 12. cxd4 Nxd4 13. b4 Nd3 14. Ne4 Nxf3+
15. Qxf3 Nxe5 16. Qh5+ Nf7 17. Ng5 Qf6 18. Re1 O-O-O 19. Nxf7 Qxa1 20. Qf3 Rd5
21. Qe4 Bxb4 22. Qxe6+ Kb8 23. Rf1 Rd6 24. Qb3 Re8 25. Nxd6 Bxd6 26. g3 Qe5 27.
Be3 g6 28. Rc1 Qe6 29. Qc3 Qe4 30. Bc5 Bxc5 31. Qxc5 Qe5 32. Qc6 Re6 33. Qd7
Re7 34. Qc6 Qe6 35. Qc5 Rf7 36. a4 Qb6 37. axb5 axb5 38. Qc2 b4 39. Ra1 b3 40.
Qd2 Rf8 41. Rb1 Rf5 42. Qb2 Rf3 43. Ra1 Kb7 44. Qa3 Qxf2+ 45. Kh1 Kc8 46. Qa8+
Kd7 47. Qd5+ Ke7 48. Qe5+ Kf7 49. Qxc7+ Kg8 50. Ra8+ Rf8 51. Qc4+ Qf7 52. Qxf7+
Kxf7 53. Ra7+ Ke6 54. Rb7 Rf3 55. Kg2 Rd3 56. Kf2 Rc3 57. Rxh7 Kd5 58. Rb7 Kc4
59. h4 Kd3 60. g4 Kc2 61. h5 gxh5 62. gxh5 b2 0-1

[Event "Hastings Masters 2022/23"]
[Site "Hastings"]
[Date "2023.01.02"]
[Round "6.2"]
[White "Grieve, Harry"]
[Black "Petrov, Martin"]
[Result "1/2-1/2"]
[WhiteElo "2438"]
[BlackElo "2535"]
[PlyCount "107"]
[EventDate "2022.12.28"]
[EventType "swiss"]
[EventRounds "10"]
[EventCountry "ENG"]

1. e4 c5 2. Nf3 Nc6 3. Bb5 e6 4. Bxc6 bxc6 5. d3 Ne7 6. Nbd2 f6 7. h4 e5 8. h5
d6 9. Nh4 g5 10. Nhf3 h6 11. Nh2 f5 12. exf5 Nxf5 13. Ng4 Bg7 14. c3 O-O 15.
Ne4 d5 16. Nxc5 Qe7 17. b4 a5 18. O-O axb4 19. cxb4 e4 20. Rb1 exd3 21. Re1 Qf7
22. Nxd3 Nd6 23. Bb2 Rxa2 24. Bxg7 Qxg7 25. Nde5 Nc4 26. Nxc4 dxc4 27. Rf1 Kh8
28. Ne3 c3 29. Qb3 Rd2 30. Qc4 Qf6 31. Rbc1 Rxf2 32. Qxc3 Rxf1+ 33. Nxf1 Ba6
34. Ng3 Qxc3 35. Rxc3 Bb5 36. Rf3 Rxf3 37. gxf3 Bd3 38. Kf2 Kg7 39. Ke3 Bc2 40.
Ne2 Kf6 41. Nd4 Ba4 42. Ke4 Bb5 43. Nc2 Bc4 44. Ne3 Bf7 45. Ng4+ Ke6 46. Nxh6
Bxh5 47. f4 gxf4 48. Kxf4 Kd5 49. Nf5 Kc4 50. b5 cxb5 51. Nd6+ Kb4 52. Kg5 Kc5
53. Nxb5 Kxb5 54. Kxh5 1/2-1/2

[Event "Hastings Masters 2022/23"]
[Site "Hastings"]
[Date "2023.01.02"]
[Round "6.3"]
[White "Nagy, Gabor"]
[Black "Cherniaev, Alexander"]
[Result "1/2-1/2"]
[WhiteElo "2488"]
[BlackElo "2374"]
[PlyCount "67"]
[EventDate "2022.12.28"]
[EventType "swiss"]
[EventRounds "10"]
[EventCountry "ENG"]

1. d4 g6 2. Nf3 d6 3. e4 Nf6 4. Nc3 Bg7 5. Be2 O-O 6. O-O Bg4 7. Be3 Nc6 8. d5
Bxf3 9. Bxf3 Ne5 10. Be2 c6 11. a4 Qa5 12. Ra3 Rfc8 13. Rb3 Rab8 14. f4 Ned7
15. Bf3 Nc5 16. e5 Nxd5 17. Bxd5 cxd5 18. Nxd5 Qd8 19. Bxc5 Rxc5 20. Rd3 e6 21.
Nf6+ Bxf6 22. Rxd6 Qc8 23. exf6 Rxc2 24. Qd4 h6 25. Rd1 g5 26. fxg5 hxg5 27.
Kh1 Qc5 28. Qg4 Rc1 29. h4 Rxd1+ 30. Rxd1 Qf5 31. Qg3 Qf4 32. Qxf4 gxf4 33. Rd7
a5 34. Rd4 1/2-1/2

[Event "Hastings Masters 2022/23"]
[Site "Hastings"]
[Date "2023.01.02"]
[Round "6.4"]
[White "Korneev, Oleg"]
[Black "Chan, Kim Yew"]
[Result "1/2-1/2"]
[WhiteElo "2481"]
[BlackElo "2289"]
[PlyCount "61"]
[EventDate "2022.12.28"]
[EventType "swiss"]
[EventRounds "10"]
[EventCountry "ENG"]

1. e4 c5 2. Nf3 e6 3. d4 cxd4 4. Nxd4 Nc6 5. Nc3 Qc7 6. Be3 a6 7. Qf3 Nf6 8.
O-O-O Ne5 9. Qg3 b5 10. Bxb5 axb5 11. Ndxb5 Qb8 12. Bf4 d6 13. Rxd6 Nh5 14. Qg5
Bxd6 15. Nxd6+ Qxd6 16. Bxe5 Ra5 17. Nd5 Qd7 18. Qxh5 exd5 19. Bxg7 Rg8 20.
Qxh7 Rxg7 21. Qxg7 Rxa2 22. Qe5+ Kf8 23. Qh8+ Ke7 24. Qe5+ Kf8 25. Kb1 Qa7 26.
Qh8+ Ke7 27. Qh4+ Ke8 28. Qh8+ Ke7 29. Qh4+ Ke8 30. Qh8+ Ke7 31. Qh4+ 1/2-1/2

[Event "Hastings Masters 2022/23"]
[Site "Hastings"]
[Date "2023.01.02"]
[Round "6.5"]
[White "Walker, Martin G"]
[Black "Gormally, Daniel W"]
[Result "1/2-1/2"]
[WhiteElo "2100"]
[BlackElo "2450"]
[PlyCount "48"]
[EventDate "2022.12.28"]
[EventType "swiss"]
[EventRounds "10"]
[EventCountry "ENG"]

1. e4 c5 2. Nf3 d6 3. Bb5+ Nd7 4. d4 Ngf6 5. Nc3 cxd4 6. Qxd4 e5 7. Qd3 h6 8.
a4 Be7 9. O-O O-O 10. Be3 Qc7 11. b4 a6 12. Bc4 Nb6 13. Bxb6 Qxb6 14. Rfb1 Kh8
15. a5 Qc7 16. b5 axb5 17. Nxb5 Qc5 18. Nd2 Be6 19. h3 Rac8 20. Na3 Rc7 21. Rb5
Qa7 22. Rbb1 Qc5 23. Rb5 Qc6 24. Rab1 Rd7 1/2-1/2

[Event "Hastings Masters 2022/23"]
[Site "Hastings"]
[Date "2023.01.02"]
[Round "6.6"]
[White "Edouard, Romain"]
[Black "Golding, Alex"]
[Result "1-0"]
[WhiteElo "2537"]
[BlackElo "2318"]
[PlyCount "87"]
[EventDate "2022.12.28"]
[EventType "swiss"]
[EventRounds "10"]
[EventCountry "ENG"]

1. d4 Nf6 2. c4 e6 3. Nc3 Bb4 4. Nf3 O-O 5. Bg5 h6 6. Bh4 d5 7. cxd5 exd5 8. e3
Re8 9. Bd3 Nbd7 10. O-O c6 11. Qc2 Qe7 12. a3 Bxc3 13. bxc3 c5 14. c4 cxd4 15.
exd4 dxc4 16. Bxc4 Nb6 17. Rfe1 Be6 18. Bxe6 fxe6 19. Ne5 Nbd5 20. Qg6 Qf8 21.
Qb1 b6 22. a4 Rac8 23. a5 Qb4 24. Qg6 Rf8 25. Nd7 Rf7 26. Ne5 Rff8 27. Ng4 Qxd4
28. Bxf6 Nxf6 29. Nxh6+ Kh8 30. Nf7+ Kg8 31. Ng5 Rc6 32. Rad1 Qh4 33. Nxe6 Nh5
34. g3 Qc4 35. g4 Qa2 36. f3 Rxe6 37. Qxe6+ Qxe6 38. Rxe6 Nf4 39. Re7 bxa5 40.
Rdd7 Rb8 41. Rxg7+ Kh8 42. Rh7+ Kg8 43. Rdg7+ Kf8 44. Rh8+ 1-0

[Event "Hastings Masters 2022/23"]
[Site "Hastings"]
[Date "2023.01.02"]
[Round "6.7"]
[White "Korpa, Bence"]
[Black "Bezuidenhout, Roland"]
[Result "1-0"]
[WhiteElo "2516"]
[BlackElo "2265"]
[PlyCount "49"]
[EventDate "2022.12.28"]
[EventType "swiss"]
[EventRounds "10"]
[EventCountry "ENG"]

1. Nf3 e6 2. g3 b5 3. Bg2 Bb7 4. O-O c5 5. d3 d6 6. e4 Nd7 7. a4 b4 8. Nbd2
Ngf6 9. Nc4 Be7 10. Bf4 e5 11. Bd2 a5 12. Nh4 Nb6 13. Nf5 Bf8 14. Nxb6 Qxb6 15.
f4 g6 16. Ne3 Bg7 17. g4 h6 18. Qf3 Qc7 19. Nc4 Nd7 20. h4 h5 21. g5 exf4 22.
Bxf4 Bd4+ 23. Kh1 Ra6 24. Nxd6+ Rxd6 25. Qg3 1-0

[Event "Hastings Masters 2022/23"]
[Site "Hastings"]
[Date "2023.01.02"]
[Round "6.8"]
[White "Hebden, Mark L"]
[Black "Finn, Peter"]
[Result "1-0"]
[WhiteElo "2448"]
[BlackElo "2123"]
[PlyCount "61"]
[EventDate "2022.12.28"]
[EventType "swiss"]
[EventRounds "10"]
[EventCountry "ENG"]

1. d4 Nf6 2. c4 e6 3. Nc3 Bb4 4. Qc2 O-O 5. a3 Bxc3+ 6. Qxc3 d5 7. Nf3 c5 8.
dxc5 Nc6 9. b4 d4 10. Qb2 e5 11. b5 Na5 12. e3 Re8 13. Bd2 Ne4 14. Qb4 Nxd2 15.
Nxd2 dxe3 16. fxe3 b6 17. c6 Qg5 18. Qc3 e4 19. c5 Bg4 20. h4 Qh6 21. Bc4 Rad8
22. O-O Nxc4 23. Nxc4 Rd3 24. Qe1 bxc5 25. Qf2 f6 26. Rac1 Be6 27. a4 Bxc4 28.
Rxc4 Qxe3 29. Qxe3 Rxe3 30. Rxc5 Rd3 31. a5 1-0

[Event "Hastings Masters 2022/23"]
[Site "Hastings"]
[Date "2023.01.02"]
[Round "6.9"]
[White "Davies, Nigel R"]
[Black "Golding, James"]
[Result "1-0"]
[WhiteElo "2398"]
[BlackElo "2089"]
[PlyCount "95"]
[EventDate "2022.12.28"]
[EventType "swiss"]
[EventRounds "10"]
[EventCountry "ENG"]

1. Nf3 d5 2. g3 Nf6 3. Bg2 e6 4. O-O Be7 5. d3 c5 6. Nbd2 Nc6 7. e4 O-O 8. Re1
Qc7 9. Qe2 Re8 10. c3 b6 11. e5 Nd7 12. Nf1 Bb7 13. Bf4 d4 14. c4 b5 15. b3 a5
16. cxb5 Nb4 17. a4 Nb6 18. Rac1 Qd7 19. N1d2 Na2 20. Rc2 Nd5 21. Nc4 Nac3 22.
Qd2 Ra7 23. h4 Nb4 24. Rcc1 Qd8 25. Nh2 Bxg2 26. Kxg2 Qd5+ 27. f3 Bf8 28. Ng4
Qd8 29. Bg5 Qb8 30. h5 h6 31. Bf4 Nbd5 32. Nf2 f5 33. exf6 Nxf4+ 34. Qxf4 Qxf4
35. gxf4 gxf6 36. f5 Nd5 37. Nh3 e5 38. f4 Nb4 39. Nf2 Nd5 40. fxe5 fxe5 41.
Rxe5 Rxe5 42. Nxe5 Ne3+ 43. Kf3 Nxf5 44. Ne4 Re7 45. Kf4 Bg7 46. Rxc5 Ne3 47.
Nd6 Re6 48. Ndc4 1-0

[Event "Hastings Masters 2022/23"]
[Site "Hastings"]
[Date "2023.01.02"]
[Round "6.10"]
[White "Ismail, Mohammed Aayan"]
[Black "Ledger, Andrew J"]
[Result "1-0"]
[WhiteElo "1963"]
[BlackElo "2314"]
[PlyCount "79"]
[EventDate "2022.12.28"]
[EventType "swiss"]
[EventRounds "10"]
[EventCountry "ENG"]

1. d4 Nf6 2. Nf3 g6 3. b3 Bg7 4. Bb2 O-O 5. Nbd2 c5 6. dxc5 Qa5 7. e3 Qxc5 8.
c4 Nc6 9. a3 d5 10. b4 Qd6 11. c5 Qc7 12. b5 Nb8 13. Rc1 Re8 14. Nb3 e5 15. Be2
Bf5 16. O-O Nbd7 17. h3 h5 18. Ng5 Bh6 19. h4 Rac8 20. c6 bxc6 21. Rxc6 Qd8 22.
Qd2 Rxc6 23. bxc6 Nb6 24. Qa5 Qc7 25. f4 d4 26. exd4 exf4 27. Bf3 Qe7 28. Qe5
Qxe5 29. dxe5 Nfd5 30. Nd4 Rxe5 31. Nxf5 Rxf5 32. Re1 Ne3 33. Bd4 Bf8 34. Rc1
Nec4 35. c7 Nd6 36. Bxb6 axb6 37. c8=Q Nxc8 38. Rxc8 Ra5 39. Kh2 Rxa3 40. Bd5
1-0

[Event "Hastings Masters 2022/23"]
[Site "Hastings"]
[Date "2023.01.02"]
[Round "6.11"]
[White "Schimnatkowski, Lukas"]
[Black "Lalic, Bogdan"]
[Result "1/2-1/2"]
[WhiteElo "2194"]
[BlackElo "2392"]
[PlyCount "32"]
[EventDate "2022.12.28"]
[EventType "swiss"]
[EventRounds "10"]
[EventCountry "ENG"]

1. e4 c5 2. Nc3 Nc6 3. Bb5 Nd4 4. Bc4 e6 5. Nge2 Qc7 6. d3 Nf6 7. O-O a6 8.
Nxd4 cxd4 9. Ne2 Nxe4 10. Bxe6 dxe6 11. dxe4 e5 12. c3 dxc3 13. Nxc3 Be6 14.
Nd5 Bxd5 15. Qxd5 Rd8 16. Qb3 Bc5 1/2-1/2

[Event "Hastings Masters 2022/23"]
[Site "Hastings"]
[Date "2023.01.02"]
[Round "6.12"]
[White "Murphy, Conor E"]
[Black "Pollack, Oscar"]
[Result "1-0"]
[WhiteElo "2422"]
[BlackElo "2112"]
[PlyCount "51"]
[EventDate "2022.12.28"]
[EventType "swiss"]
[EventRounds "10"]
[EventCountry "ENG"]

1. Nf3 Nf6 2. g3 g6 3. Bg2 Bg7 4. c4 O-O 5. O-O d6 6. d4 Nbd7 7. Nc3 e5 8. e4
a6 9. h3 b5 10. dxe5 dxe5 11. Qc2 c6 12. Be3 Qe7 13. Nd2 Nh5 14. Nb3 Qb4 15. c5
a5 16. a4 bxa4 17. Rxa4 Qb8 18. Nxa5 Qc7 19. Rfa1 Rb8 20. b4 Nf4 21. gxf4 exf4
22. Nxc6 fxe3 23. Nd5 exf2+ 24. Qxf2 Qb7 25. Nce7+ Kh8 26. c6 1-0

[Event "Hastings Masters 2022/23"]
[Site "Hastings"]
[Date "2023.01.02"]
[Round "6.13"]
[White "Bazakutsa, Svyatoslav"]
[Black "Rolvag, Mikael"]
[Result "1-0"]
[WhiteElo "2318"]
[BlackElo "2110"]
[PlyCount "59"]
[EventDate "2022.12.28"]
[EventType "swiss"]
[EventRounds "10"]
[EventCountry "ENG"]

1. c4 e5 2. g3 Nf6 3. Bg2 c6 4. Nf3 e4 5. Nd4 Qb6 6. Nb3 a5 7. d3 a4 8. N3d2 e3
9. fxe3 Ng4 10. Nf1 Bb4+ 11. Bd2 O-O 12. Bxb4 Qxb4+ 13. Qd2 Na6 14. h3 Ne5 15.
Na3 d6 16. Qxb4 Nxb4 17. Nd2 Be6 18. e4 c5 19. O-O Rfd8 20. Rfd1 Rd7 21. Rdc1
f6 22. Ndb1 Ra6 23. Nc3 Bf7 24. Kf2 Re7 25. Ke3 Be8 26. Kd2 Bd7 27. Nab5 Nbc6
28. Nd5 Rf7 29. Nxd6 Rf8 30. Nxb7 1-0

[Event "Hastings Masters 2022/23"]
[Site "Hastings"]
[Date "2023.01.02"]
[Round "6.14"]
[White "Kueppers, Timo"]
[Black "Brown, Thomas"]
[Result "1-0"]
[WhiteElo "2249"]
[BlackElo "2099"]
[PlyCount "77"]
[EventDate "2022.12.28"]
[EventType "swiss"]
[EventRounds "10"]
[EventCountry "ENG"]

1. e4 c6 2. d4 d5 3. Nd2 dxe4 4. Nxe4 Nf6 5. Nxf6+ exf6 6. c3 Bd6 7. Bd3 O-O 8.
Ne2 Re8 9. O-O Nd7 10. Ng3 Nf8 11. f4 g6 12. f5 Bxg3 13. hxg3 gxf5 14. Bxf5
Bxf5 15. Rxf5 Re4 16. Bh6 Qe7 17. Qf3 Nd7 18. Rf1 Kh8 19. Bg5 Re6 20. Bxf6+
Nxf6 21. Rxf6 Rxf6 22. Qxf6+ Qxf6 23. Rxf6 Kg7 24. Rd6 Re8 25. Rd7 Re1+ 26. Kf2
Ra1 27. Rxb7 Rxa2 28. Ke3 Ra1 29. Rc7 Rg1 30. Kf2 Rc1 31. Rxc6 Rc2+ 32. Kf3
Rxb2 33. c4 a5 34. c5 Rd2 35. Ke4 Rxg2 36. Ra6 Rxg3 37. c6 Rc3 38. Kd5 Kf6 39.
c7+ 1-0